| 000 | 02908nab a2200349 i 4500 | ||
|---|---|---|---|
| 003 | BR-BrBNA | ||
| 005 | 20240510130640.0 | ||
| 008 | 240510b2022 bl.ar|pooa||| 00| 0 eng | | ||
| 040 |
_aBR-BrBNA _beng |
||
| 072 |
_aH10 _b0430 |
||
| 100 | _aMiranda, Ednilson | ||
| 100 | _aFerreira, Alexandre Cunha de Barcellos | ||
| 100 | _aBorin, Luíza Dias Coelho | ||
| 100 | _aSilva Filho, João Luis da | ||
| 100 | _aTripode, Bruna Mendes Diniz | ||
| 100 | _aBarbier, André Luís | ||
| 100 | _aNascimento Neto, Oscar Gonçalves do | ||
| 245 | _aImpact of cover crops and rainfall distribution on Scaptocoris castanea (Hemiptera: Cydnidae) | ||
| 500 | _a Publicação on-line; 19 ref.; Summaries (En, Pt) | ||
| 520 | _a Abstract ‒ The objective of this work was to evaluate the population dynamics of the burrower bug (Scaptocoris castanea) in an area with cotton (Gossypium hirsutum) cultivated after cover crops. The insects were counted in soil samples collected at 0–40 cm depth. Insect incidence was documented in 18 cover crops, alone or intercropped, in each plant stage. Rainfall distribution was compared with fluctuations in the burrower bug population. Crotalaria species have a suppressive effect on the insect population, whereas some grass species favor its increase. Rainfall distribution directly influences the insect population. Index terms: burrower bug, cotton, no-tillage system, pest management, soil pest. | ||
| 520 | _a Resumo ‒ O objetivo deste trabalho foi avaliar a dinâmica populacional do percevejo-castanho (Scaptocoris castanea) em área com algodão (Gossypium hirsutum) cultivado após plantas de cobertura. Os insetos foram contados em amostras de solo coletadas a 0–40 cm de profundidade. A incidência de insetos foi documentada em 18 espécies de cobertura, isoladas ou consorciadas, em cada estágio da planta. A distribuição das chuvas foi comparada com a flutuação populacional do inseto. Espécies de crotalária apresentam efeito supressivo sobre a população do percevejo-castanho, enquanto algumas espécies de gramíneas favorecem o seu aumento. A distribuição das chuvas influencia diretamente a população de insetos. Termos para indexação: percevejo-castanho, algodão, sistema plantio direto, manejo de pragas, praga de solo. | ||
| 650 | _aALGODÃO | ||
| 650 | _aPLANTIO DIRETO | ||
| 650 | _aPRAGA DE PLANTA | ||
| 650 | _aPERCEVEJO-CASTANHO | ||
| 650 | _aDINÂMICA POPULACIONAL | ||
| 650 | _aCONDIÇÃO AMBIENTAL | ||
| 773 | 0 |
_0920 _925802 _dBrasília-DF Empresa Brasileira de Pesquisa Agropecuária - EMBRAPA 1966- _o2023-436358 _tPesquisa Agropecuária Brasileira (Brazil) _x0100-204X _gv. 57 p. 1-6; (2022) _wBR2024000657 |
|
| 856 | _uhttps://www.scielo.br/j/pab/a/3tkGQb3djnrQYyBjCxT88Cb/?format=pdf&lang=en | ||
| 942 | _cAnalítica | ||
| 999 |
_c299537 _d299537 |
||